000
00270nam a2200121Ia 4500
008
190216s9999||||xx |||||||||||||| ||und||
100
_a
Omkar Sarad
245
0
_a
Hindi-Lanka Maharajin
260
_b
Sahithya Prakashan
300
_a
152
650
_a
Hindi
942
_c
BK
999
_c
16286
_d
16286